Notare in Thüringen - Statistics

General Stats
  • This quiz has been taken 3 times
  • The average score is 23 of 63
Answer Stats
Hint Answer % Correct
Tambach-Dietharz * Dr. Carina Klaus
100%
Altenburg Andreas Vetter
67%
Artern Anne Mähler
67%
Weimar Dr. Christian Grüner
67%
Nordhausen Dr. Eric Urzowski
67%
Erfurt Dr. Friederike Klepsch
67%
Eisenach Dr. Karsten Knobloch
67%
Bad Langensalza Dr. Lena Froeb
67%
Gera Dr. Ronald Hunke
67%
Erfurt Dr. Steffi Hechler
67%
Gotha Dr. Stephan Döbereiner
67%
Erfurt Dr. Thomas Renner
67%
Erfurt Dr. Tobias Genske
67%
Erfurt Dr. Ulrich Krause
67%
Jena Heinz Wattoro
67%
Arnstadt Martin Deike
67%
Erfurt Peter Janecek
67%
Ilmenau Petra Taterka
67%
Weimar Prof. Dr. Stefan Hügel
67%
Erfurt Ralf Schumm
67%
Ilmenau Ralf Taterka
67%
Altenburg Susanne Reichenbach
67%
Gotha Tatjana Schöppe
67%
Zeulenroda-Triebes Uwe Lang
67%
Saalfeld * Adrian Roos
33%
Sonneberg Alexander Beck
33%
Leinefelde-Worbis Andreas Kaiser
33%
Stadtroda Anne Unger
33%
Schleiz Birgit Langbein
33%
Hildburghausen Dr. Annett Meier-Wehrsdorfer
33%
Sömmerda Dr. Reinhard Rothe
33%
Jena Eckart Maaß
33%
Bad Salzungen Iris Hofmann
33%
Gera Jannett Talke
33%
Gotha Jens Hoffmann
33%
Heiligenstadt Marcus Obermann
33%
Gotha Margitta Kottwitz
33%
Eisenach Mario Platz
33%
Suhl Martin Jäger
33%
Apolda Oliver Klüglein
33%
Greiz Peter Orth
33%
Greiz Ricarda Gebauer
33%
Sömmerda Tina Löffler
33%
Pößneck Bernd Hopfmann
0%
Gera Curd-Stefan Zeiler
0%
Gera Diane Dotterweich
0%
Mühlhausen Dr. Johannes Peters
0%
Eisenach Dr. Martin Seikel
0%
Jena Dr. Thomas Weikart
0%
Schmalkalden Florian Kühne
0%
Meiningen Frank Schubert
0%
Jena Henning Leibe
0%
Hildburghausen Klaus-Peter Bock
0%
Altenburg Lutz Manger
0%
Nordhausen Michael Jupke
0%
Bad Lobenstein Michael Werner
0%
Rudolstadt Michael Wurlitzer
0%
Mühlhausen Norbert Güttler
0%
Sonneberg Peter Freiberg
0%
Zella-Mehlis Ronald Zeutschel
0%
Weimar Uta Kinzel
0%
Saalfeld Uwe Münsterberg
0%
Sonneberg Waldemar Käb
0%
No matching quizzes found
Score Distribution
Percent of People with Each Score
Percentile by Number Answered
Your Score History
You have not taken this quiz